Evropské společenství Politické základy a geneze. Podpora výzkumu a technologií v Evropském společenství

Enregistré dans:
Détails bibliographiques
Auteur principal: Talášek, Vladimír
Format: Livre
Langue:tchèque
Publié: Ostrava Avízo 1991
Édition:1. vyd.
Accès en ligne:Voir à l'OPAC
Tags: Ajouter un tag
Pas de tags, Soyez le premier à ajouter un tag!

MARC

LEADER 00000nam a2200000 a 4500
005 20260127134328.0
008 131003s1991 CS 0 cze c
020 |a 8090033628 
035 |a vtls001129011 
035 |a SNK000071861 
039 9 |a 201310031055  |b VLOAD  |c 201306201730  |d VLOAD  |c 200809181121  |d mschk03  |y 200412250605  |z VLOAD 
040 |a SNK  |b slo  |c SNK  |d STUSCHK1  |e AACR2 
041 0 |a cze 
044 |a [CS] 
080 |a 061.234(4)(091)  |2 1981 
100 1 |a Talášek, Vladimír 
245 1 |a Evropské společenství  |b Politické základy a geneze. Podpora výzkumu a technologií v Evropském společenství  |c Vladimír Talášek 
250 |a 1. vyd. 
260 |a Ostrava  |b Avízo  |c 1991 
300 |a 81, [3] s.  |c 29 cm 
910 |a SCHK95 
919 |a 80-900336-2-8 
954 |a Európske spoločenstvá  |x vznik  |x program  |x informácie 
999 |c 9984  |d 9984